| Tag |
First Indicator |
Second Indicator |
Subfields |
| LEADER |
00000cam a22000003i 4500 |
| 001 |
in00002523398 |
| 005 |
20190327174357.0 |
| 006 |
m||||||||d|||||||| |
| 007 |
cr |n||||||||a |
| 008 |
080405s2007 vau|||||s|||||||||||eng|d |
| 035 |
|
|
|a (VaAlASP)ASPFS0001289/afso
|
| 040 |
|
|
|a VaAlASP
|d UtOrBLW
|
| 100 |
1 |
|
|a McGowan, Jack.
|
| 245 |
1 |
0 |
|a Broadway melody of 1936 (1935) :
|b continuity script /
|c story by Moss Hart ; screenplay by Jack McGowan and Sid Silvers ; lyrics by Nacio Herb Brown and Arthur Freed.
|
| 250 |
|
|
|a [1st electronic ed.].
|
| 264 |
|
1 |
|a Alexandria, VA :
|b Alexander Street Press,
|c 2007.
|
| 336 |
|
|
|a text
|b txt
|2 rdacontent
|
| 337 |
|
|
|a computer
|b c
|2 rdamedia
|
| 338 |
|
|
|a online resource
|b cr
|2 rdacarrier
|
| 490 |
1 |
|
|a American film scripts online
|
| 500 |
|
|
|a Title from HTML title page (viewed May 1, 2009).
|
| 506 |
|
|
|a Access restricted to subscribers.
|
| 538 |
|
|
|a Mode of access: World Wide Web.
|
| 500 |
|
|
|a Electronic resource.
|
| 655 |
|
0 |
|a Electronic books.
|
| 655 |
|
0 |
|a Motion picture plays.
|
| 700 |
1 |
|
|a Hart, Moss,
|d 1904-1961.
|
| 700 |
1 |
|
|a Silvers, Sid,
|d 1901-1976.
|
| 700 |
1 |
|
|a Brown, Nacio Herb,
|d 1896-1964.
|
| 700 |
1 |
|
|a Freed, Arthur,
|d 1894-1973.
|
| 830 |
|
0 |
|a American film scripts online.
|
| 856 |
4 |
0 |
|z Connect to the full text of this electronic book
|u http://proxy.library.tamu.edu/login?url=http://www.aspresolver.com/aspresolver.asp?AFSO;FS001289
|t 0
|
| 999 |
|
|
|a MARS
|
| 999 |
f |
f |
|s 5ec5b6a8-1211-306b-8b3d-0d0288f7a528
|i a3b084b5-b52d-30f5-a3ba-5051b35d20bb
|t 0
|
| 952 |
f |
f |
|a Texas A&M University
|b College Station
|c Electronic Resources
|d Available Online
|t 0
|h No information provided
|
| 998 |
f |
f |
|t 0
|l Available Online
|